Управление качеством продукции в электроэнергетике: учебное пособие

Dades bibliogràfiques
Altres autors: Кушнарев Ф. А. Федор Андреевич, Свешников В. И. Валерий Иванович, Ермаков В. Ф. Владимир Филиппович, Кириевская Т. А. Тамара Александровна
Sumari:Приведен общий подход к решению проблемы управления качеством продукции и показано влияние уровня качества на экономические характеристики предприятий: затраты, прибыль, рентабельность. Показано, каким образом качество электрической энергии учитывается в договорах на электроснабжение. Рассмотрены показатели качества, причины их отклонений и влияние на режимы работы электрических сетей и оборудования. Экономика качества рассмотрена на уровне финансирования конкретного проекта и при выборе наилучшего проектного решения. Впервые проблема качества рассмотрена в целом и показаны пути ее решения в рыночных условиях. Пособие предназначено для студентов направления подготовки дипломированных специалистов 080502 (060800) «Экономика и управление на предприятии (в электроэнергетике)», может быть полезно для студентов направления 6500900 «Электроэнергетика», экономистов - менеджеров и инженеров соответствующих специальностей.
Idioma:rus
Publicat: Москва, Энергоатомиздат, 2007
Matèries:
Format: MixedMaterials Llibre
KOHA link:https://koha.lib.tpu.ru/cgi-bin/koha/opac-detail.pl?biblionumber=156959

MARC

LEADER 00000nam0a2200000 4500
001 156959
005 20231101221932.0
010 |a 5283012859 
035 |a (RuTPU)RU\TPU\book\170218 
090 |a 156959 
100 |a 20090401d2007 m y0rusy50 ca 
101 0 |a rus 
102 |a RU 
105 |a a j 001zy 
200 1 |a Управление качеством продукции в электроэнергетике  |e учебное пособие  |f Ф. А. Кушнарев [и др.] 
210 |a Москва  |c Энергоатомиздат  |d 2007 
215 |a 176 с.  |c ил. 
320 |a Библиогр.: с. 171-172. 
330 |a Приведен общий подход к решению проблемы управления качеством продукции и показано влияние уровня качества на экономические характеристики предприятий: затраты, прибыль, рентабельность. Показано, каким образом качество электрической энергии учитывается в договорах на электроснабжение. Рассмотрены показатели качества, причины их отклонений и влияние на режимы работы электрических сетей и оборудования. Экономика качества рассмотрена на уровне финансирования конкретного проекта и при выборе наилучшего проектного решения. Впервые проблема качества рассмотрена в целом и показаны пути ее решения в рыночных условиях. Пособие предназначено для студентов направления подготовки дипломированных специалистов 080502 (060800) «Экономика и управление на предприятии (в электроэнергетике)», может быть полезно для студентов направления 6500900 «Электроэнергетика», экономистов - менеджеров и инженеров соответствующих специальностей. 
606 1 |a Электрические сети  |x Качество энергии  |2 stltpush  |3 (RuTPU)RU\TPU\subj\27405  |9 51165 
610 1 |a электроэнергетика 
610 1 |a продукция 
610 1 |a качество 
610 1 |a предприятия 
610 1 |a электроэнергия 
610 1 |a технико-экономическая эффективность 
610 1 |a напряжение 
610 1 |a электроснабжение 
610 1 |a надежность 
675 |a 621.311.1.016(075.8)  |v 3 
701 1 |a Кушнарев  |b Ф. А.  |g Федор Андреевич 
701 1 |a Свешников  |b В. И.  |g Валерий Иванович 
701 1 |a Ермаков  |b В. Ф.  |g Владимир Филиппович 
701 1 |a Кириевская  |b Т. А.  |g Тамара Александровна 
801 1 |a RU  |b 63413507  |c 20090401  |g PSBO 
801 2 |a RU  |b 63413507  |c 20150615  |g PSBO 
942 |c BK 
959 |a 43/20090401  |d 3  |e 385,00  |f АНЛ:2  |f ЧЗТЛ:1